000 00717nas a2200253 4500
001 BR7601407
003 BR-BrBNA
005 20231205082935.0
007 ta
008 230509b bl.|||p| |||| 00| 00por d
040 _aBR-BrBNA
_bpor
_cBiblioteca Nacional de Agricultura
041 _a(Pt)
072 _aF00
100 1 _aSoria, S. de J.
245 1 _aUso de atomizador para induzir producao do cacaueiro [Brasil]
650 _aProducao vegetal
650 _aCacau
650 _aAtomizador
650 _aFloracao
650 _aInducao
773 0 _tCacau Atualidades (Brazil)
_xISSN 0007-9340
_g(Jan 1975), v. 12(1) p. 18-21
_wBR7601407
909 _a202311
_bLúcia
_c55
_dLúcia Elande
942 _2AGRIS
_n0
_cANA
999 _c95252
_d95252